[Event "34th Olympiad Women"]
[Site "Istanbul TUR"]
[Date "2000.11.01"]
[Round "5"]
[White "Foisor,C"]
[Black "Galliamova,A"]
[Result "0-1"]
[WhiteElo "2386"]
[BlackElo "2526"]

1.Nf3 d5 2.g3 c6 3.Bg2 Bg4 4.d3 Nf6 5.Nbd2 Nbd7 6.O-O e5 7.h3 Bh5 8.e4 Bd6
9.Qe1 O-O 10.Nh4 Re8 11.Nb3 a5 12.a4 Nc5 13.Nxc5 Bxc5 14.Bf3 Bxf3 15.Nxf3 Qb6
16.Kg2 Rad8 17.b3 Bb4 18.Be3 Qa6 19.Bd2 Qb6 20.Be3 Qc7 21.Bd2 dxe4 22.dxe4 Bxd2
23.Nxd2 Rd4 24.f3 b5 25.Rf2 Red8 26.axb5 cxb5 27.Nf1 Ra8 28.Ne3 g6 29.h4 a4
30.c4 Rd3 31.bxa4 bxa4 32.Nd5 Nxd5 33.cxd5 a3 34.Raa2 Qc4 35.h5 Qd4 36.Qc1 Qe3
37.Qc6 Rf8 38.hxg6 hxg6 39.Qa4 Kg7 40.Qb4 Rh8 41.Qe7 Qd4 42.g4 Rd1 43.g5 Rhh1
44.Kg3 Rdg1+ 45.Rg2 Qc3 46.Qf6+ Kg8 47.Qd8+ Kh7 48.Qb6 Qc1 49.Rxg1 Rxg1+
50.Kh2 Rh1+  0-1

[Event "34th Olympiad"]
[Site "Istanbul TUR"]
[Date "2000.11.01"]
[Round "5"]
[White "Korchnoi,V"]
[Black "Ivanchuk,V"]
[Result "0-1"]
[WhiteElo "2620"]
[BlackElo "2719"]

1.Nf3 d5 2.g3 Nf6 3.Bg2 e6 4.d4 c5 5.O-O Nc6 6.c4 dxc4 7.Qa4 Bd7 8.Qxc4 b5
9.Qd3 Rc8 10.Nc3 cxd4 11.Nxd4 Ne5 12.Qd1 b4 13.Ne4 Nd5 14.Ng5 Be7 15.Bxd5 exd5
16.Ngf3 Nc4 17.Qd3 O-O 18.Rd1 Re8 19.Rb1 Bf6 20.b3 Nd6 21.Bd2 Qb6 22.Rbc1 Ne4
23.Be1 h6 24.Kg2 a5 25.h3 Rc5 26.Rxc5 Qxc5 27.e3 Rc8 28.g4 Qb6 29.Ng1 Bxd4
30.exd4 Bb5 31.Qb1 Qc6 32.Bd2 Qf6 33.Be3 Rc3 34.Qb2 Rxe3 35.fxe3 Qh4 36.Rd2 Qg3+
37.Kh1 Qxe3 38.Rc2 Ng3+ 39.Kg2 Bf1+ 40.Kh2 Ne4 41.Qc1 Qg3+ 42.Kh1 Bd3 43.Rc8+ Kh7
44.Rh8+ Kg6 45.Qc6+ Nf6 46.Re8 Kh7  0-1

[Event "34th Olympiad"]
[Site "Istanbul TUR"]
[Date "2000.11.01"]
[Round "5"]
[White "Bogdanovski,V"]
[Black "Kacheishvili,G"]
[Result "1-0"]
[WhiteElo "2435"]
[BlackElo "2564"]

1.Nf3 d5 2.g3 Bg4 3.Bg2 c6 4.O-O Nd7 5.d3 Ngf6 6.c4 dxc4 7.dxc4 e5 8.Nc3 Be7
9.Qc2 O-O 10.b3 Qc7 11.h3 Bh5 12.Nh4 Rfe8 13.Bb2 a5 14.g4 Bg6 15.Nxg6 hxg6
16.Rad1 Nc5 17.Rd2 Red8 18.Rxd8+ Rxd8 19.Rd1 Re8 20.e3 Bf8 21.g5 Nfd7 22.h4 Nb6
23.Ne4 Nxe4 24.Qxe4 Nd7 25.Qg4 Re6 26.Qe2 Nc5 27.Bc3 b6 28.Rd2 Re8 29.Qg4 Re6
30.Qd1 Re8 31.a3 e4 32.Rd4 Qe5 33.Rxe4 Qb8 34.Rxe8 Qxe8 35.Bd4 b5 36.a4 bxa4
37.bxa4 Qe6 38.Bxc5 Bxc5 39.Qd8+ Bf8 40.Qxa5 Qxc4 41.Qa8 c5 42.Qe4 Qc1+ 43.Bf1 Qd1
44.Kg2 Qd7 45.Bc4 Be7 46.a5 Bd8 47.a6 Bb6 48.h5 Kf8 49.hxg6 fxg6 50.Bd5 Qd8
51.Qf4+ Ke7 52.Qe5+ Kf8 53.Bc4 Qd7 54.Kf3 Qd1+ 55.Ke4 Qh1+ 56.f3 Qb1+ 57.Kd5 Qd1+
58.Kc6 Qxf3+ 59.Bd5  1-0

[Event "Chigorin Mem"]
[Site "St Petersburg RUS"]
[Date "2000.11.01"]
[Round "2"]
[White "Yandemirov,V"]
[Black "Kosteniuk,A"]
[Result "1-0"]
[WhiteElo "2505"]
[BlackElo "2398"]

1.Nf3 d5 2.g3 c6 3.Bg2 Nf6 4.O-O Bg4 5.d4 e6 6.Nbd2 Nbd7 7.Re1 Be7 8.e4 O-O
9.c3 Bh5 10.Qb3 Qc7 11.exd5 cxd5 12.Ne5 Nxe5 13.Rxe5 Bg6 14.Re1 Rab8 15.a4 b6
16.Nf3 Nd7 17.Bf4 Bd6 18.Bxd6 Qxd6 19.Qb5 Ra8 20.Ne5 Nxe5 21.Rxe5 a6 22.Qe2 b5
23.h4 h6 24.h5 Bh7 25.axb5 axb5 26.Rxa8 Rxa8 27.Qxb5 Ra1+ 28.Kh2 Qd8 29.Qe2 Bf5
30.Bxd5 Qg5 31.f4 Qd8 32.Bg2 Rc1 33.Qf3 Kh7 34.Re2 Qa5 35.g4 Bb1 36.Qe3 Rd1
37.Re1 Qa4 38.Be4+ Bxe4 39.Qxe4+ f5 40.gxf5 Rxe1 41.Qxe1 Qc2+ 42.Kg3 Qd3+
43.Kf2 Qxf5 44.Qe5 Qh3 45.c4 Qd3 46.d5 Qd2+ 47.Kf3 Qd3+ 48.Qe3 Qd1+ 49.Qe2 Qb3+
50.Ke4 exd5+ 51.cxd5 Kg8 52.Qd2 Qc4+ 53.Kf3 Qf1+ 54.Ke3 Kf7 55.Kd4 Ke8 56.Qe3+ Kd8
57.Qe5 Qd1+ 58.Kc5 Qc2+ 59.Kb4 Qd2+ 60.Kb5 Qd3+ 61.Ka5 Qd2+ 62.b4 Kc8 63.Qe8+ Kb7
64.Qe7+ Kb8 65.Kb6 Qd4+ 66.Qc5  1-0

[Event "Chigorin Mem"]
[Site "St Petersburg RUS"]
[Date "2000.11.01"]
[Round "2"]
[White "Karasev,V"]
[Black "Turov,M"]
[Result "0-1"]
[WhiteElo "2358"]
[BlackElo "2539"]

1.Nf3 d5 2.g3 g6 3.Bg2 Bg7 4.d4 Nf6 5.c4 dxc4 6.Qa4+ Nfd7 7.Qxc4 Nc6 8.Ng5 O-O
9.d5 Nd4 10.e3 Nb6 11.Qd3 Nc6 12.Qb3 Na5 13.Qb4 Nac4 14.Nc3 e6 15.Nge4 Ne5
16.Nc5 exd5 17.O-O c6 18.a4 Qe7 19.a5 Nbd7 20.Nd3 Qxb4 21.Nxb4 Nc5 22.a6 Nxa6
23.Nxa6 bxa6 24.Ra4 Rb8 25.Rd1 Nc4 26.Ra2 Re8 27.h3 Rb4 28.e4 d4 29.Ne2 f5
30.Nxd4 Rd8 31.exf5 Rxd4 32.Rxd4 Bxd4 33.fxg6 hxg6 34.Bxc6 Nxb2 35.Bd2 Rb6
36.Bd5+ Be6 37.Ra4  0-1

[Event "34th Olympiad"]
[Site "Istanbul TUR"]
[Date "2000.11.02"]
[Round "6"]
[White "Braga,C"]
[Black "Gunnarsson,J"]
[Result "1-0"]
[WhiteElo "2426"]
[BlackElo "2368"]

1.g3 d5 2.Nf3 c6 3.Bg2 Nf6 4.O-O Bg4 5.d4 Nbd7 6.Nbd2 e6 7.Re1 Be7 8.e4 dxe4
9.Nxe4 O-O 10.c3 Qb6 11.Qb3 Qxb3 12.axb3 Nxe4 13.Rxe4 Bf5 14.Re1 Bf6 15.Bg5 Bxg5
16.Nxg5 Nf6 17.Bf1 Nd5 18.b4 a6 19.Nf3 f6 20.Nh4 Kf7 21.Nxf5 exf5 22.Bc4 Rad8
23.Ra5 g6 24.Kf1 Rfe8 25.Rxe8 Kxe8 26.Bxd5 Rxd5 27.Rxd5 cxd5 28.Ke2 Kd7 29.b3 b5
30.Kd3 Kd6 31.c4 g5 32.c5+ Ke6 33.Ke3 h6 34.Kf3 Ke7 35.Kg2 Kd7 36.Kh3 Ke7
37.f4 Ke6 38.g4 fxg4+ 39.Kxg4 f5+ 40.Kh5  1-0

[Event "34th Olympiad Women"]
[Site "Istanbul TUR"]
[Date "2000.11.02"]
[Round "6"]
[White "Ribeiro,R"]
[Black "Palao,M"]
[Result "1-0"]
[WhiteElo "2104"]
[BlackElo "2159"]

1.Nf3 d5 2.g3 Bg4 3.Bg2 c6 4.O-O Nf6 5.d4 e6 6.Ne5 Bf5 7.c4 Nbd7 8.Nxd7 Qxd7
9.Nd2 Bd6 10.f3 e5 11.cxd5 cxd5 12.e4 dxe4 13.Nxe4 Nxe4 14.fxe4 Bg4 15.Qd3 exd4
16.Qxd4 Qe7 17.Qxg7  1-0

[Event "Chigorin Mem"]
[Site "St Petersburg RUS"]
[Date "2000.11.02"]
[Round "3"]
[White "Gubernatorov,S"]
[Black "Rychagov,A"]
[Result "0-1"]
[WhiteElo "2298"]
[BlackElo "2510"]

1.Nf3 d5 2.g3 Bg4 3.Bg2 Nd7 4.c4 e6 5.cxd5 exd5 6.O-O Ngf6 7.d3 Bc5 8.Nc3 c6
9.a3 a5 10.h3 Bh5 11.Bf4 O-O 12.Rb1 Qe7 13.Na4 Ba7 14.b4 axb4 15.axb4 Rfe8
16.Re1 Bg6 17.Qb3 Nh5 18.b5 Nxf4 19.gxf4 Qd6 20.bxc6 bxc6 21.e3 c5 22.Ra1 d4
23.Nxd4 cxd4 24.Bxa8 dxe3 25.fxe3 Qxf4 26.Qb7 Bxe3+ 27.Kh1 Ne5 28.Nb2 h5
29.Qd5 Bd4 30.Bc6 Rb8 31.Nc4 Nxd3 32.Rf1 Qh4  0-1

[Event "Chigorin Mem"]
[Site "St Petersburg RUS"]
[Date "2000.11.02"]
[Round "3"]
[White "Andreeva,N"]
[Black "Kuznetsov,Vi2"]
[Result "1/2-1/2"]
[WhiteElo "2320"]
[BlackElo "2118"]

1.Nf3 d5 2.g3 c6 3.Bg2 Bg4 4.O-O e6 5.c4 Nd7 6.d3 Bd6 7.Nc3 Ne7 8.cxd5 exd5
9.Qa4 Bh5 10.b4 O-O 11.Qb3 a5 12.b5 Nc5 13.Qb1 Ne6 14.Bd2 f5 15.a4 Kh8 16.Na2 c5
17.Nc1 b6 18.Qb2 Ra7 19.Ng5 Nxg5 20.Bxg5 f4 21.Qa2 fxg3 22.hxg3 Bf7 23.Qb2 Qc7
24.e3 Qd7 25.Ne2 Qf5 26.Bf4 Rd7 27.e4 Qh5 28.Rad1 d4 29.Bxd6 Rxd6 30.f4 Rc8
31.Bf3 Qh6 32.Kf2 Qe6 33.Rh1 Qb3 34.Qa1 Qc2 35.Ke1 Qb3 36.e5 Rdd8 37.Be4 g6
38.Rb1 Qe6 39.Kf2 Qd7 40.Rbd1 Bd5 41.Bxd5 Nxd5 42.Rh4 Ne3 43.Rdh1 h5 44.Qa2 Kg7
45.Rc1 c4 46.dxc4 Ng4+ 47.Rxg4 Qxg4 48.Qa3 Rc5 49.Rd1 h4 50.Rd3 h3 51.Qc1 h2
52.Nxd4 Rxc4 53.Qxc4 Rxd4 54.Qc7+ Kh6 55.Qe7  1/2-1/2

[Event "Chigorin Mem"]
[Site "St Petersburg RUS"]
[Date "2000.11.04"]
[Round "4"]
[White "Loginov,Va"]
[Black "Bryzgalin,K"]
[Result "0-1"]
[WhiteElo "2514"]
[BlackElo "2315"]

1.Nf3 d5 2.g3 c6 3.Bg2 Bg4 4.c4 e6 5.Ne5 Bf5 6.cxd5 exd5 7.O-O Bd6 8.Nf3 Nf6
9.d3 O-O 10.Nc3 Re8 11.Qc2 h6 12.Re1 Nbd7 13.Bd2 Bh7 14.Rad1 a5 15.Bc1 Nc5
16.e3 Qb6 17.Na4 Nxa4 18.Qxa4 Qa6 19.Bf1 c5 20.Qc2 c4 21.a3 Rac8 22.Qd2 Bf8
23.Nd4 b5 24.f3 Qb6 25.Qf2 Bc5 26.dxc4 dxc4 27.a4 bxa4 28.Bxc4 Bb4 29.Bb5 Bxe1
30.Rxe1 Red8 31.Bxa4 Bd3 32.Rd1 Ba6 33.Bd2 Qxb2 34.Bxa5 Qa3 35.Qe1 Qxa4 36.Ra1 Rxd4
37.Rxa4 Rxa4 38.Kg2 Ra2+ 39.Kh3 Rcc2 40.g4 Rxh2+ 41.Kg3 Nd5 42.Qg1 Rhe2  0-1

[Event "Corsica Masters"]
[Site "Bastia FRA"]
[Date "2000.11.05"]
[Round "2.1"]
[White "Lupu,MS"]
[Black "Drazic,S"]
[Result "1-0"]
[WhiteElo "2443"]
[BlackElo "2508"]

1.Nf3 d5 2.g3 c5 3.Bg2 Nf6 4.O-O g6 5.c3 Bg7 6.d4 Qb6 7.Qb3 Nc6 8.dxc5 Qxc5
9.Be3 Qa5 10.Rd1 O-O 11.Na3 b6 12.c4 e6 13.Nd4 Bb7 14.Rac1 Rac8 15.Ndb5 Rfd8
16.cxd5 exd5 17.Bg5 Ne7 18.Rxc8 Nxc8 19.Nc4 Qa6 20.Nc7 Rd7 21.Nxa6 dxc4 22.Rxd7 cxb3
23.Rd8+ Bf8 24.axb3 Bxa6 25.Bxf6 h5 26.Bh3 Nd6 27.Be7 Nb5 28.Bxf8 f5 29.Bg2 Kf7
30.Bd5+ Kf6 31.Bc4  1-0

[Event "FSIM November"]
[Site "Budapest HUN"]
[Date "2000.11.05"]
[Round "2"]
[White "Eperjesi,L"]
[Black "Nemeth,Z"]
[Result "1/2-1/2"]
[WhiteElo "2370"]
[BlackElo "2308"]

1.Nf3 d5 2.g3 e6 3.Bg2 f5 4.O-O Nf6 5.b3 Bd6 6.Bb2 O-O 7.c4 c5 8.d3 b6 9.Nbd2 Bb7
10.Rc1 d4 11.e3 e5 12.Qe2 Qe7 13.Rc2 Nbd7  1/2-1/2

[Event "34th Olympiad Women"]
[Site "Istanbul TUR"]
[Date "2000.11.05"]
[Round "8"]
[White "Eidelson,R"]
[Black "Batceceg,T"]
[Result "1/2-1/2"]
[WhiteElo "2360"]
[BlackElo "2237"]

1.Nf3 d5 2.g3 c6 3.Bg2 Bg4 4.O-O Nd7 5.d3 Ngf6 6.Qe1 e6 7.e4 dxe4 8.dxe4 Be7
9.Nbd2 O-O 10.Nc4 Nc5 11.Nfe5 Bh5 12.h3 Nfd7 13.g4 Bg6 14.Nxg6 hxg6 15.e5 Qc7
16.a4 Nb6 17.Nxb6 axb6 18.b3 b5 19.Qe2 g5 20.Bd2 bxa4 21.bxa4 Rxa4 22.Rxa4 Nxa4
23.Qc4 Nc5 24.Qe2 Nd7 25.Qc4 Nc5 26.Qe2 Nd7 27.Qc4  1/2-1/2

[Event "34th Olympiad Women"]
[Site "Istanbul TUR"]
[Date "2000.11.05"]
[Round "8"]
[White "Bashkite,V"]
[Black "Ionescu Brandis,I"]
[Result "0-1"]
[WhiteElo "2052"]
[BlackElo "2304"]

1.Nf3 d5 2.g3 c6 3.Bg2 Bg4 4.c4 Nf6 5.b3 Nbd7 6.Bb2 e6 7.O-O Bd6 8.d3 O-O
9.Nbd2 Qe7 10.Qc2 e5 11.e4 dxe4 12.Nxe4 Nxe4 13.dxe4 Bxf3 14.Bxf3 a5 15.Rad1 Rfd8
16.a4 Nc5 17.Bg2 Qc7 18.Ba3 Ne6 19.c5 Be7 20.Qc4 Rxd1 21.Rxd1 Rd8 22.Bf3 Rxd1+
23.Bxd1 g6 24.Bg4 Nd4 25.Bb2 h5 26.Bh3 Nf3+ 27.Kg2 Ng5 28.Bc1 Nxh3 29.Kxh3 Qd7+
30.Kg2 h4 31.h3 hxg3 32.Kxg3 Kg7 33.Be3 f5 34.exf5 gxf5 35.f4 e4 36.Qd4+ Qxd4
37.Bxd4+ Bf6 38.Be5 Kf7 39.Bc7 Bc3 40.Kf2  0-1

[Event "34th Olympiad Women"]
[Site "Istanbul TUR"]
[Date "2000.11.05"]
[Round "8"]
[White "Prudnikova,S"]
[Black "Trabert,B"]
[Result "1-0"]
[WhiteElo "2428"]
[BlackElo "2259"]

1.Nf3 d5 2.g3 Bg4 3.Bg2 Nd7 4.d4 e6 5.O-O Bd6 6.Nbd2 c6 7.e4 Ne7 8.h3 Bh5
9.c3 O-O 10.Qe2 Bc7 11.Nb3 Re8 12.e5 Bb6 13.g4 Bg6 14.Be3 Rc8 15.Nh4 c5 16.Nxg6 hxg6
17.f4 a6 18.Bf3 cxd4 19.cxd4 Rc4 20.Qd2 Qc7 21.Rac1 Rxc1 22.Rxc1 Qb8 23.Kg2 Rc8
24.Rh1 Qc7 25.Bd1 f6 26.h4 Kf7 27.h5 gxh5 28.Rxh5 f5 29.Kg3 fxg4 30.Bxg4 Qc2
31.Nc5 Nxc5 32.Qxc2 Ne4+ 33.Qxe4 dxe4 34.f5 exf5 35.Bxf5 Nxf5+ 36.Rxf5+ Ke6
37.Kf4 Ba5 38.Kxe4 Rd8 39.Rg5 Rd7 40.Rg6+ Kf7 41.Rg3 Ke6 42.d5+ Rxd5 43.Rg6+ Kf7
44.Rxg7+ Kxg7 45.Kxd5 Kf7 46.Kd6 Ke8 47.Bg5 Bb6 48.e6 Bd4 49.b3 Bb6 50.a3 Ba5
51.b4 Bb6 52.a4 Bd4 53.Kc7 b5 54.axb5  1-0

[Event "34th Olympiad Women"]
[Site "Istanbul TUR"]
[Date "2000.11.05"]
[Round "8"]
[White "Burijovich,L"]
[Black "Nepeina Leconte,M"]
[Result "0-1"]
[WhiteElo "2182"]
[BlackElo "2289"]

1.Nf3 d5 2.g3 g6 3.Bg2 Bg7 4.O-O e5 5.d3 Nc6 6.e4 dxe4 7.dxe4 Bg4 8.c3 Qxd1
9.Rxd1 Nf6 10.h3 Be6 11.Na3 O-O 12.Ng5 Bd7 13.f4 Rad8 14.Nc4 Nh5 15.Kh2 h6
16.Nf3 exf4 17.Bxf4 Nxf4 18.gxf4 Be6 19.Bf1 h5 20.Kg3 Bh6 21.Nd4 h4+ 22.Kf3 Nxd4+
23.cxd4 f5 24.e5 Bd5+ 25.Ke3 Kh8 26.b3 Rg8 27.Nd2 g5 28.fxg5 Rxg5 29.Kf2 Rg3
30.Nc4 b5 31.Nb2 Be3+ 32.Ke1 f4 33.Nd3 Bxd4 34.Rac1 Bb6 35.Nc5 Re3+ 36.Kf2 b4
37.Na4 Rf3+ 38.Ke1 Bf2+ 39.Ke2 Bg3 40.Rd4 Re3+ 41.Kd2 Re4 42.Rd3 f3 43.Rxc7 Rxe5
44.Nc5 Rde8 45.Rd7 Bf4+ 46.Kc2 Bc6 47.Na6 Bxd7 48.Rxd7 Re2+ 49.Kd1 Re1+ 50.Kc2 Rc1+
51.Kb2 Rxf1  0-1

[Event "34th Olympiad"]
[Site "Istanbul TUR"]
[Date "2000.11.05"]
[Round "8"]
[White "Markowski,T"]
[Black "Short,N"]
[Result "0-1"]
[WhiteElo "2568"]
[BlackElo "2677"]

1.Nf3 d5 2.g3 Nc6 3.c4 d4 4.Bg2 e5 5.O-O Nf6 6.d3 a5 7.e3 Be7 8.exd4 exd4
9.Na3 Nd7 10.Re1 O-O 11.Nb5 Nc5 12.Bf4 Ne6 13.Rxe6 fxe6 14.Bxc7 Qd7 15.Qe2 Bf6
16.Re1 Na7 17.Bd6 Rd8 18.Ne5 Bxe5 19.Bxe5 Nxb5 20.cxb5 Qxb5 21.Qg4 Qd7 22.Re4 Qe7
23.Rf4 Rd5 24.Bxd5 exd5 25.Qe2 Bh3 26.Qh5 Qe6 27.Qg5 Qd7 28.Rxd4 h6 29.Qe3 Re8
30.Rh4 Qf5 31.f4 Qc8 32.Qd2 Re6 33.Bc3 Re7 34.Qf2 b5 35.Rh5 b4 36.Bd2 Qc2
37.Re5 Rxe5 38.fxe5 Qxb2 39.e6 Bxe6 40.Qb6 Bf7  0-1

[Event "ch-Manhattan CC"]
[Site "New York USA"]
[Date "2000.11.05"]
[Round "5"]
[White "Bonin,J"]
[Black "Bierkens,P"]
[Result "1-0"]
[WhiteElo "2407"]
[BlackElo "2126"]

1.Nf3 d5 2.g3 Nf6 3.Bg2 c5 4.c4 e6 5.cxd5 exd5 6.d4 Nc6 7.Nc3 Be7 8.O-O O-O
9.Be3 c4 10.Ne5 Be6 11.Bg5 Ne8 12.Bxe7 Nxe7 13.e4 Nc7 14.Nxc4 dxe4 15.Ne3 f5
16.f3 Ned5 17.Nexd5 Nxd5 18.Qe2 Nxc3 19.bxc3 Rc8 20.Qe3 Qa5 21.fxe4 Rxc3
22.Qe1 Qa3 23.exf5 Bc4 24.Rf4 Rc2 25.Rf2 Rxf2 26.Qxf2 Re8 27.Bf3 Qc3 28.Rd1 Re3
29.Kg2 Kf8 30.d5 Ke7 31.d6+ Kd7 32.g4 Qe5 33.Rd2 Re1 34.g5  1-0

[Event "Chigorin Mem"]
[Site "St Petersburg RUS"]
[Date "2000.11.05"]
[Round "5"]
[White "Andreeva,N"]
[Black "Akhmadeev,V"]
[Result "0-1"]
[WhiteElo "2320"]
[BlackElo "2427"]

1.Nf3 d5 2.g3 Nf6 3.Bg2 c6 4.O-O Bf5 5.d3 e6 6.Nbd2 Be7 7.c4 h6 8.b3 O-O
9.Bb2 Nbd7 10.Rc1 a5 11.a3 Bh7 12.Rc2 Ne8 13.Qa1 Bf6 14.Ne5 Nxe5 15.Bxe5 Bxe5
16.Qxe5 Nf6 17.Qb2 Qd6 18.Nf3 Nd7 19.Rfc1 Rfe8 20.b4 axb4 21.axb4 Ra4 22.c5 Qc7
23.b5 Rea8 24.Rb1 R4a5 25.b6 Qd8 26.Qd4 Qe7 27.Rbc1 e5 28.Qe3 Kf8 29.Qd2 Nxc5
30.Rb2 Nd7 31.Ne1 Qd6 32.Bh3 R5a6 33.Bxd7 Qxd7 34.Qc3 Qd6 35.Kg2 Bf5 36.Nf3 f6
37.Nh4 Bh7 38.Rbb1 e4 39.Kg1 Ra3 40.Rb3 exd3 41.exd3 Rxb3 42.Qxb3 Qa3 43.Rc3 Qxb3
44.Rxb3 Ke7 45.g4 Ra4 46.Nf5+ Bxf5 47.gxf5 c5 48.Kg2 Rb4 49.Rc3 Kd6 50.d4 Rxd4
51.Rg3 Rb4 52.Rxg7 Rxb6 53.f4 c4 54.Rf7 Kc5 55.Kf3 Kd4  0-1

[Event "34th Olympiad Women"]
[Site "Istanbul TUR"]
[Date "2000.11.06"]
[Round "9"]
[White "Borsuk,A"]
[Black "Ionescu Brandis,I"]
[Result "0-1"]
[WhiteElo "2303"]
[BlackElo "2304"]

1.Nf3 d5 2.g3 c6 3.Bg2 Bg4 4.c4 Nf6 5.Ne5 Be6 6.cxd5 Bxd5 7.Nf3 Nbd7 8.Nc3 Bxf3
9.Bxf3 e5 10.d3 Bd6 11.a3 a5 12.Bd2 Qe7 13.Bg2 O-O 14.O-O Nc5 15.Rb1 a4 16.Be3 Nfd7
17.d4 exd4 18.Qxd4 Nb3 19.Qe4 Ndc5 20.Qxe7 Bxe7 21.Rfd1 f5 22.Bh3 g6 23.g4 f4
24.Bxc5 Nxc5 25.Rd4 g5 26.Bg2 Rfd8 27.Rbd1 Bf6 28.Rd6 Kf7 29.e3 fxe3 30.fxe3 Rxd6
31.Rxd6 Rd8 32.Rxd8 Bxd8 33.Kf1 Bf6 34.Ke2 Bxc3 35.bxc3 Ke6 36.c4 Nd7 37.Be4 Kd6
38.Bxh7 Ne5 39.Bc2 Nxg4 40.Bxa4 Nxh2 41.Bb3 Kc5 42.Kf2 Ng4+ 43.Kf3 Ne5+ 44.Ke4 Nxc4
45.Bd1 Nxa3 46.Bg4 Nc4 47.Be6 b5 48.Kd3 Kd6  0-1

[Event "34th Olympiad Women"]
[Site "Istanbul TUR"]
[Date "2000.11.06"]
[Round "9"]
[White "Khan,A"]
[Black "Blanco Acevedo,M"]
[Result "0-1"]
[WhiteElo "2257"]
[BlackElo "2030"]

1.Nf3 d5 2.g3 c6 3.Bg2 g6 4.O-O Bg7 5.d3 Nf6 6.Nbd2 Nbd7 7.c4 O-O 8.Rb1 dxc4
9.dxc4 Nc5 10.b4 Bf5 11.bxc5 Bxb1 12.Nxb1 Qa5 13.Qb3 Qxc5 14.Ba3 Qb6 15.Bxe7 Rfe8
16.Qa3 Ne4 17.Bb4 a5 18.Bd2 Nxd2 19.Nbxd2 Rxe2 20.Qd3 Rae8 21.Ng5 Qd4 22.Qxd4 Bxd4
23.Ngf3 Bc3 24.Nb1 Bb4 25.a3 Bc5 26.Nfd2 Rd8 27.Ne4 Bd4 28.Bf3 Rc2 29.Ned2 Bb2
30.Ne4 Rxc4 31.Nbd2 Rc2 32.Nb3 f5 33.Bd1 Rc4 34.Nec5  0-1

[Event "34th Olympiad Women"]
[Site "Istanbul TUR"]
[Date "2000.11.06"]
[Round "9"]
[White "Foisor,C"]
[Black "Pitam,E"]
[Result "1-0"]
[WhiteElo "2386"]
[BlackElo "2323"]

1.Nf3 d5 2.g3 c6 3.Bg2 Bg4 4.d3 Nd7 5.Nbd2 Ngf6 6.O-O e6 7.h3 Bxf3 8.Nxf3 Be7
9.c4 O-O 10.Qc2 a5 11.Rb1 Re8 12.b3 Bf8 13.Bb2 e5 14.e3 Qb8 15.Rfd1 g6 16.Rbc1 Bg7
17.cxd5 Nxd5 18.a3 Nf8 19.Re1 Ne6 20.Rcd1 Qd6 21.Kh2 Rad8 22.Rd2 Qb8 23.Red1 h6
24.d4 e4 25.Ne5 h5 26.h4 f5 27.Nxg6 Kh7 28.Ne5 Bxe5 29.dxe5 Qc7 30.Bxe4 fxe4
31.Qxe4+ Kg8 32.Qg6+ Qg7 33.Qxh5 Rf8 34.e4 Ne7 35.f4 Rxd2+ 36.Rxd2 Qf7 37.Qg4+ Kh7
38.f5 Nc5 39.e6  1-0

[Event "34th Olympiad"]
[Site "Istanbul TUR"]
[Date "2000.11.06"]
[Round "9"]
[White "Frois,A"]
[Black "Vanderstricht,G"]
[Result "1/2-1/2"]
[WhiteElo "2346"]
[BlackElo "2369"]

1.Nf3 d5 2.g3 Bg4 3.Bg2 c6 4.O-O Nd7 5.d3 e6 6.e4 Bc5 7.Nbd2 Ne7 8.a4 a5
9.Nb3 Bb6 10.Qe1 O-O 11.Bd2 Nc5 12.Nxc5 Bxc5 13.Bc3 Re8 14.Bxg7 dxe4 15.Qxe4 Bxf3
16.Bxf3 Bxf2+ 17.Rxf2 Kxg7 18.Raf1 Ng6 19.Bg2 f5 20.Qe3 Qf6 21.Qb6 Re7 22.d4 Rd7
23.c3 Qd8 24.Qb3 Re7 25.Qd1 Qd6 26.Qh5 Rf8 27.g4 f4 28.Qxa5 e5 29.dxe5 Rxe5
30.Qb6 Rf7 31.Qd4 Qxd4 32.cxd4 Ra5 33.b3 Rd7 34.d5 cxd5 35.Rd2 b5 36.Rd4 bxa4
37.bxa4 Kf6 38.Re1 Rda7 39.h4 Rxa4 40.g5+ Kg7 41.Rxa4 Rxa4 42.h5 Nh4 43.Bxd5 Rd4
44.Re7+ Kf8 45.Re5 f3 46.Kf2 Rg4 47.Be6 Rg2+ 48.Kf1 Re2 49.Re4 Re3 50.Rxe3 Kg7
51.Kf2 h6  1/2-1/2

[Event "34th Olympiad Women"]
[Site "Istanbul TUR"]
[Date "2000.11.06"]
[Round "9"]
[White "Kierzek,Mi"]
[Black "Vasquez,R"]
[Result "0-1"]
[WhiteElo "2028"]
[BlackElo "2454"]

1.Nf3 d5 2.g3 e6 3.Bg2 Nf6 4.O-O Be7 5.c4 c6 6.Qc2 Nbd7 7.d3 O-O 8.e4 a5
9.Nc3 d4 10.Nxd4 Ne5 11.Nde2 Qxd3 12.Qxd3 Nxd3 13.h3 e5 14.b3 Be6 15.Be3 Nd7
16.Rfd1 N7c5 17.Na4 Rad8 18.Nxc5 Nxc5 19.Nc3 f5 20.exf5 Bxf5 21.Rxd8 Rxd8
22.Rd1 Nd3 23.Ne4 Bb4 24.Kf1 Rd7 25.Ke2 Bxe4 26.Bxe4 Nc5 27.Bxc5 Rxd1 28.Bxb4 Rd4
29.Bxc6 axb4 30.Bxb7 Kf7 31.Bc6 Ke7 32.h4 Kd6 33.Bb5 Kc5 34.Ba4 Rd8 35.f3 Kd4
36.Kd2 Rd6 37.Ke2 Rg6 38.Kf2 Rf6 39.Ke2 Rd6 40.h5 g6 41.hxg6 hxg6 42.Kf2 Rf6
43.Ke2 Rf8 44.g4 Rh8 45.Kd1 Rh2 46.Kc1 Kc3 47.Kd1 Rd2+ 48.Ke1 Rxa2 49.Be8 g5
50.Bf7 Kd4 51.Be8 Kc5 52.Kf1 Ra3 53.Bf7 Rxb3 54.Bd5 Rc3 55.Ke1 b3 56.Kd2 b2
57.Kxc3 b1=Q 58.Kd2 Kd4 59.Ke2 Qc2+ 60.Kf1 Ke3 61.Kg1 Qf2+ 62.Kh1 Qf1+  0-1

[Event "Chigorin Mem"]
[Site "St Petersburg RUS"]
[Date "2000.11.06"]
[Round "6"]
[White "Loginov,Va"]
[Black "Arakelov,I"]
[Result "0-1"]
[WhiteElo "2514"]
[BlackElo "2347"]

1.Nf3 d5 2.g3 Nf6 3.Bg2 c6 4.O-O Nbd7 5.d3 e5 6.c4 dxc4 7.dxc4 Bc5 8.Nc3 O-O
9.Qc2 Re8 10.b3 Nf8 11.Bb2 Ng6 12.Rad1 Qc7 13.Ng5 Bf8 14.Nce4 Nd7 15.c5 Be7
16.h4 h6 17.h5 Ngf8 18.Nd6 Bxd6 19.cxd6 Qa5 20.Bc3 Qb6 21.Nf3 Qc5 22.Nh4 Nf6
23.b4 Qc4 24.Qb2 Nxh5 25.Bxe5 Nd7 26.Nf3 a5 27.Rd4 Qe6 28.b5 cxb5 29.Re4 Qd5
30.Re3 Nxe5 31.Nxe5 Qxd6 32.Nxf7 Qf8 33.Bd5 Kh7 34.Qxb5 Rxe3 35.fxe3 Qe7
36.Qd3+ g6 37.Qd4 Ng7 38.e4 Bh3 39.Rb1 Rb8 40.Rb6 Ne6 41.Qe5 Qxf7 42.Rb1 Qc7
43.Qxc7+ Nxc7 44.Rb6 Kg7 45.Bc4 Bd7 46.Bd5 Nxd5 47.exd5 Bf5 48.Kf2 Be4 49.Rd6 b5
50.Ke3 Bb1 51.a3 b4 52.axb4 axb4  0-1

[Event "34th Olympiad"]
[Site "Istanbul TUR"]
[Date "2000.11.07"]
[Round "10"]
[White "Sanduleac,V"]
[Black "Wong Meng Kong"]
[Result "1/2-1/2"]
[WhiteElo "2438"]
[BlackElo "2507"]

1.g3 d5 2.Nf3 c6 3.Bg2 Bg4 4.d3 Nd7 5.Nbd2 e6 6.O-O Bd6 7.c4 Ngf6 8.b3 O-O
9.Bb2 Qe7 10.h3 Bxf3 11.Nxf3 Ba3 12.Qc1 Bxb2 13.Qxb2 a5 14.Rac1 Rfe8 15.cxd5 exd5
16.e3 Ne5 17.Nxe5 Qxe5 18.Qxe5 Rxe5 19.Rfe1 Re7 20.Kf1 Kf8 21.Re2 Ne8 22.Rb2 Nd6
23.Bf3 g6 24.d4 h5 25.h4 Kg7 26.Be2 Ree8 27.a3 Ra7 28.b4 axb4 29.axb4 Rea8
30.b5 Ra1 31.Rxa1 Rxa1+ 32.Kg2 Rc1 33.bxc6 bxc6 34.Bd3 Rc3 35.Be2 c5 36.dxc5 Rxc5
37.Ra2 Ne8 38.Bf3 Nf6 39.Ra4 Kf8 40.Ra8+ Ke7 41.Ra7+ Ke6 42.Ra6+ Ke7  1/2-1/2

[Event "34th Olympiad"]
[Site "Istanbul TUR"]
[Date "2000.11.07"]
[Round "10"]
[White "Dizdarevic,E"]
[Black "Pelletier,Y"]
[Result "1/2-1/2"]
[WhiteElo "2527"]
[BlackElo "2474"]

1.Nf3 d5 2.g3 Nf6 3.Bg2 e6 4.O-O Be7 5.c4 O-O 6.b3 dxc4 7.bxc4 c5 8.Bb2 Nc6
9.Ne5 Nxe5 10.Bxe5 Nd7 11.Bb2 Rb8 12.a4 b6 13.a5 b5 14.cxb5 Rxb5 15.Bc3 Ba6
16.Na3 Rb8 17.d3 Bf6 18.Qc2 Bd4 19.Rfc1 Qf6 20.Bxd4 Qxd4 21.Nc4 Rfc8 22.e3 Qf6
23.Nd6 Rb2 24.Ne4 Qe5 25.Qc3 Qb8 26.Nd2 h6 27.Rab1 Rb4 28.Bf1 Rxb1 29.Rxb1 Qe5
30.Qa3 Qc7 31.Rc1 Qb7 32.Rb1 Qc7 33.Rc1 Qb7 34.Rb1  1/2-1/2

[Event "34th Olympiad Women"]
[Site "Istanbul TUR"]
[Date "2000.11.07"]
[Round "10"]
[White "Baginskaite,C"]
[Black "Flear,C"]
[Result "1-0"]
[WhiteElo "2287"]
[BlackElo "2230"]

1.Nf3 d5 2.g3 Nf6 3.Bg2 c6 4.O-O e6 5.d4 Be7 6.c4 O-O 7.Qc2 Nbd7 8.Rd1 b6
9.b3 Ba6 10.Nbd2 Rc8 11.e4 c5 12.exd5 exd5 13.Bb2 cxd4 14.a4 d3 15.Qxd3 dxc4
16.Nxc4 Bxc4 17.bxc4 Qc7 18.Rdc1 Nc5 19.Qc2 Nfd7 20.Nd4 Bf6 21.Rd1 Rfe8 22.Nb5 Qb8
23.Nd6 Bxb2 24.Qxb2 Ne5 25.Nxe8 Rxe8 26.Qc3 a5 27.f4 Ng4 28.Bc6 Rd8 29.Qf3 Nf6
30.Rxd8+ Qxd8 31.Rd1 Qe7 32.Qc3 h6 33.Qe5 Qxe5 34.fxe5 Ng4 35.Rd8+ Kh7 36.Rb8 Nxe5
37.Bb5 Ned3 38.Rxb6 Nb2 39.Rc6 Ncxa4 40.Bxa4 Nxa4 41.Ra6 Nb2 42.c5  1-0

[Event "34th Olympiad Women"]
[Site "Istanbul TUR"]
[Date "2000.11.08"]
[Round "11"]
[White "Prudnikova,S"]
[Black "Stepovaia Dianchenko,T"]
[Result "1/2-1/2"]
[WhiteElo "2428"]
[BlackElo "2414"]

1.Nf3 d5 2.g3 c6 3.Bg2 Bg4 4.O-O Nd7 5.d4 Ngf6 6.Nbd2 e6 7.Re1 Be7 8.e4 O-O
9.c3 Bh5 10.Qb3 Rb8 11.a4 Bg6 12.exd5 cxd5 13.a5 Qc7 14.Qb5 Rfc8 15.Qe2 b5
16.axb6 axb6 17.Nb3 Bd6 18.Ne5 b5 19.Bf4 b4 20.Rec1 Nh5 21.cxb4 Nxf4 22.gxf4 Qd8
23.Nc5 Nf8 24.Qd2 Rb6 25.Ra7 Rcb8 26.f5 exf5 27.Bxd5 Bxe5 28.dxe5 Rxb4 29.e6 Rxb2
30.exf7+ Kh8 31.Qd1 Qg5+ 32.Bg2 Bh5 33.Qf1 Bf3 34.Re1 Rb1 35.Ra1 Rxa1 36.Rxa1 Bxg2
37.Qxg2 Qf6 38.Rd1 Qxf7 39.Kh1 f4 40.Qd5 Qf6 41.Ne4 Qe6 42.Qxe6 Nxe6 43.Kg2 h6
44.Rd6 Re8 45.Kf3 Re7 46.h4 g6 47.Nc3 Kg7 48.Ne2 g5 49.Nd4 Nxd4+ 50.Rxd4 Kf6
51.hxg5+ hxg5 52.Rd8 Rh7 53.Ra8  1/2-1/2

[Event "34th Olympiad Women"]
[Site "Istanbul TUR"]
[Date "2000.11.08"]
[Round "11"]
[White "Quek Suan Shiau"]
[Black "Sabirova,S"]
[Result "1-0"]
[WhiteElo "2261"]
[BlackElo "2131"]

1.Nf3 d5 2.g3 c5 3.d3 Nc6 4.Nbd2 e5 5.e4 d4 6.Nc4 Qc7 7.a4 Be7 8.Bg2 Nf6
9.O-O h6 10.Nh4 Be6 11.Nf5 Bf8 12.f4 Bxc4 13.dxc4 g6 14.fxe5 Qxe5 15.Bf4 Qe6
16.e5 Nd7 17.Bd5 Qxf5 18.g4 Qxf4 19.Rxf4 Ncxe5 20.Qe2 O-O-O 21.Qg2 Bd6 22.Bxb7+ Kc7
23.a5 g5 24.Rxf7 Rb8 25.Rxd7+ Kxd7 26.a6 h5 27.Re1 Rbe8 28.gxh5 Nf3+ 29.Bxf3 Rxe1+
30.Kf2 Re5 31.Bg4+ Ke7 32.Qb7+ Kf6 33.Qxa7 Rf8 34.Qh7 Rf7 35.Qg6+ Ke7+ 36.Kg2 Rf6
37.a7 Rf4 38.Qg7+ Rf7 39.Qxe5+  1-0